00253nam a22000977a 4500008004100000082001500041100001600056245004900072260002400121300001000145230626b xxu||||| |||| 00| 0 eng d a328.7bDUN bPhil Duncan aPolitics in America 1994bThe 103rd Congress aUSc1994bCQ Press a1747p